Les recherches en didactique de la chimie Résultats actuels et travaux à venir: F1 et F2

Gorde:
Xehetasun bibliografikoak
Formatua: Liburua
Hizkuntza:Undetermined
Argitaratua: Paris Centre Univ
Etiketak: Etiketa erantsi
Etiketarik gabe, Izan zaitez lehena erregistro honi etiketa jartzen!
Thư viện lưu trữ: Trung tâm Học liệu Trường Đại học Cần Thơ
LEADER 00454nam a2200145Ia 4500
001 CTU_19132
008 210402s9999 xx 000 0 und d
082 |a 541.07 
082 |b R297 
245 0 |a Les recherches en didactique de la chimie 
245 0 |b Résultats actuels et travaux à venir: F1 et F2 
260 |a Paris 
260 |b Centre Univ 
904 |i Nguyễn Quang Điền, 960601 
980 |a Trung tâm Học liệu Trường Đại học Cần Thơ